<?xml version="1.0" encoding="UTF-8"?>
<record
    xmlns:xsi="http://www.w3.org/2001/XMLSchema-instance"
    xsi:schemaLocation="http://www.loc.gov/MARC21/slim http://www.loc.gov/standards/marcxml/schema/MARC21slim.xsd"
    xmlns="http://www.loc.gov/MARC21/slim">

  <leader>02948    a2200445   4500</leader>
  <controlfield tag="003">IT-RoPau</controlfield>
  <controlfield tag="005">20220918181121.0</controlfield>
  <controlfield tag="008">131220b        xxu||||| |||| 00| 0 eng d</controlfield>
  <datafield tag="040" ind1=" " ind2=" ">
    <subfield code="c">IT-RoPau</subfield>
  </datafield>
  <datafield tag="100" ind1=" " ind2=" ">
    <subfield code="a">AA.VV.</subfield>
    <subfield code="e">Autore musica</subfield>
    <subfield code="q">Codice autore musica SPICS: 12000</subfield>
    <subfield code="9">829</subfield>
  </datafield>
  <datafield tag="245" ind1=" " ind2=" ">
    <subfield code="a">Summertime in Venezia (Lp Vpas 886)</subfield>
  </datafield>
  <datafield tag="250" ind1=" " ind2=" ">
    <subfield code="a">1a ed.</subfield>
  </datafield>
  <datafield tag="260" ind1=" " ind2=" ">
    <subfield code="a">MILANO</subfield>
    <subfield code="b">VEDETTE RECORDS</subfield>
    <subfield code="c">1970 [1a Ed.:1970]</subfield>
  </datafield>
  <datafield tag="300" ind1=" " ind2=" ">
    <subfield code="a">DISCO</subfield>
    <subfield code="c">32 minuti (Testo:  pag.)</subfield>
  </datafield>
  <datafield tag="500" ind1=" " ind2=" ">
    <subfield code="a">Musica strumentale italiana. Musica dedicata a Venezia.</subfield>
  </datafield>
  <datafield tag="505" ind1=" " ind2=" ">
    <subfield code="a">Fontana di Trevi [(Three Coins in the Fountain) (3:00)] - Anema e core (3:00) - Venezia, la luna e tu (3:00) - Summertime in Venezia (3:00) - Il cielo in una stanza (3:00) - Arrivederci 83:00) - Arrivederci Roma (3:00) - I Found My Love in Portofino (4:00) - E se domani (3:00) - Senza fine (3:00) - Sand, Sun and Sugar (3:00) - O ciucciariello (3:00)</subfield>
  </datafield>
  <datafield tag="511" ind1=" " ind2=" ">
    <subfield code="a">Orchestra Peter Hamilton</subfield>
  </datafield>
  <datafield tag="511" ind1=" " ind2=" ">
    <subfield code="a">Orchestra Puccio Roelens</subfield>
  </datafield>
  <datafield tag="511" ind1=" " ind2=" ">
    <subfield code="a">Orchestra Bruno Battisti D'Amario</subfield>
  </datafield>
  <datafield tag="511" ind1=" " ind2=" ">
    <subfield code="a">Orchestra Billy &amp; Friends</subfield>
  </datafield>
  <datafield tag="700" ind1=" " ind2=" ">
    <subfield code="a">Cahn Sammy</subfield>
    <subfield code="d">Codice autore musica SPICS: 13947</subfield>
    <subfield code="e">Autore musica</subfield>
    <subfield code="p">Fontana di Trevi (Three Coins in the Fountain)</subfield>
    <subfield code="9">6517</subfield>
  </datafield>
  <datafield tag="700" ind1=" " ind2=" ">
    <subfield code="a">Stein J.</subfield>
    <subfield code="d">Codice autore SPICS: 13952</subfield>
    <subfield code="e">Autore</subfield>
    <subfield code="p">Fontana di Trevi (Three Coins in the Fountain)</subfield>
    <subfield code="9">6518</subfield>
  </datafield>
  <datafield tag="700" ind1=" " ind2=" ">
    <subfield code="a">Manlio Tito</subfield>
    <subfield code="d">Codice autore musica SPICS: 13497</subfield>
    <subfield code="e">Autore musica</subfield>
    <subfield code="p">Anema e core</subfield>
    <subfield code="9">6519</subfield>
  </datafield>
  <datafield tag="700" ind1=" " ind2=" ">
    <subfield code="a">Esposito Tony</subfield>
    <subfield code="d">Codice autore SPICS: 1121</subfield>
    <subfield code="e">Autore</subfield>
    <subfield code="p">Anema e core</subfield>
    <subfield code="9">6520</subfield>
  </datafield>
  <datafield tag="700" ind1=" " ind2=" ">
    <subfield code="a">Derevitsky Alessandro</subfield>
    <subfield code="d">Codice autore musica SPICS: 13617</subfield>
    <subfield code="e">Autore musica</subfield>
    <subfield code="p">Venezia, la luna e tu</subfield>
    <subfield code="9">6521</subfield>
  </datafield>
  <datafield tag="700" ind1=" " ind2=" ">
    <subfield code="a">Icini A.</subfield>
    <subfield code="d">Codice autore musica SPICS: 13955</subfield>
    <subfield code="e">Autore musica</subfield>
    <subfield code="p">Summertime in Venezia</subfield>
    <subfield code="9">6522</subfield>
  </datafield>
  <datafield tag="700" ind1=" " ind2=" ">
    <subfield code="a">Rapetti</subfield>
    <subfield code="d">Codice autore musica SPICS: 14325</subfield>
    <subfield code="e">Autore musica</subfield>
    <subfield code="p">Il cielo in una stanza</subfield>
    <subfield code="9">6523</subfield>
  </datafield>
  <datafield tag="700" ind1=" " ind2=" ">
    <subfield code="a">Angiolini Saverio</subfield>
    <subfield code="d">Codice autore SPICS: 9877</subfield>
    <subfield code="e">Autore</subfield>
    <subfield code="p">Il cielo in una stanza</subfield>
    <subfield code="9">6524</subfield>
  </datafield>
  <datafield tag="700" ind1=" " ind2=" ">
    <subfield code="a">Bindi Umberto</subfield>
    <subfield code="d">Codice autore musica SPICS: 13681</subfield>
    <subfield code="e">Autore musica</subfield>
    <subfield code="p">Arrivederci</subfield>
    <subfield code="9">6525</subfield>
  </datafield>
  <datafield tag="700" ind1=" " ind2=" ">
    <subfield code="a">Rascel Renato</subfield>
    <subfield code="d">Codice autore musica SPICS: 13602</subfield>
    <subfield code="e">Autore musica</subfield>
    <subfield code="p">Arrivederci Roma</subfield>
    <subfield code="9">6526</subfield>
  </datafield>
  <datafield tag="700" ind1=" " ind2=" ">
    <subfield code="a">Chiosso Leo</subfield>
    <subfield code="d">Codice autore musica SPICS: 13606</subfield>
    <subfield code="e">Autore musica</subfield>
    <subfield code="p">I Found My Love in Portofino</subfield>
    <subfield code="9">6527</subfield>
  </datafield>
  <datafield tag="700" ind1=" " ind2=" ">
    <subfield code="a">Buscaglione Fred</subfield>
    <subfield code="d">Codice autore SPICS: 1133</subfield>
    <subfield code="e">Autore</subfield>
    <subfield code="p">I Found My Love in Portofino</subfield>
    <subfield code="9">6528</subfield>
  </datafield>
  <datafield tag="700" ind1=" " ind2=" ">
    <subfield code="a">Calabrese Giorgio</subfield>
    <subfield code="d">Codice autore musica SPICS: 1368</subfield>
    <subfield code="e">Autore musica</subfield>
    <subfield code="p">E se domani</subfield>
    <subfield code="9">6529</subfield>
  </datafield>
  <datafield tag="700" ind1=" " ind2=" ">
    <subfield code="a">Rossi Carlo Alberto (Cicero)</subfield>
    <subfield code="d">Codice autore SPICS: 13130</subfield>
    <subfield code="e">Autore</subfield>
    <subfield code="p">E se domani</subfield>
    <subfield code="9">6530</subfield>
  </datafield>
  <datafield tag="700" ind1=" " ind2=" ">
    <subfield code="a">Paoli Gino</subfield>
    <subfield code="d">Codice autore musica SPICS: 11057</subfield>
    <subfield code="e">Autore musica</subfield>
    <subfield code="p">Senza fine</subfield>
    <subfield code="9">6531</subfield>
  </datafield>
  <datafield tag="700" ind1=" " ind2=" ">
    <subfield code="a">Tical H.</subfield>
    <subfield code="d">Codice autore musica SPICS: 13941</subfield>
    <subfield code="e">Autore musica</subfield>
    <subfield code="p">Sand, Sun and Sugar</subfield>
    <subfield code="9">6532</subfield>
  </datafield>
  <datafield tag="700" ind1=" " ind2=" ">
    <subfield code="a">Murolo Roberto</subfield>
    <subfield code="d">Codice autore musica SPICS: 13697</subfield>
    <subfield code="e">Autore musica</subfield>
    <subfield code="p">O ciucciariello</subfield>
    <subfield code="9">6533</subfield>
  </datafield>
  <datafield tag="700" ind1=" " ind2=" ">
    <subfield code="a">Oliviero Nino</subfield>
    <subfield code="d">Codice autore SPICS: 14018</subfield>
    <subfield code="e">Autore</subfield>
    <subfield code="p">O ciucciariello</subfield>
    <subfield code="9">6534</subfield>
  </datafield>
  <datafield tag="942" ind1=" " ind2=" ">
    <subfield code="2">ddc</subfield>
    <subfield code="c">MD</subfield>
  </datafield>
  <datafield tag="999" ind1=" " ind2=" ">
    <subfield code="c">99796</subfield>
    <subfield code="d">99796</subfield>
  </datafield>
  <datafield tag="952" ind1=" " ind2=" ">
    <subfield code="0">0</subfield>
    <subfield code="1">0</subfield>
    <subfield code="4">0</subfield>
    <subfield code="6">23842_000000000000000</subfield>
    <subfield code="7">1</subfield>
    <subfield code="a">SPICS</subfield>
    <subfield code="b">SPICS</subfield>
    <subfield code="d">2013-10-25</subfield>
    <subfield code="l">0</subfield>
    <subfield code="o">23842</subfield>
    <subfield code="r">2013-10-25 00:00:00</subfield>
    <subfield code="w">2013-10-25</subfield>
    <subfield code="y">MD</subfield>
    <subfield code="z">Progr. Ins.: 4689 / N.Vol.: 1 / Copie: 1 - Copia rara: n.d. / date import: 01.01.2014 - By Epidotti, Trombetti, Vaglietti</subfield>
  </datafield>
</record>
